বিষয়বস্তু এড়িয়ে যান

Социально-экономическая стратификация больных сахарным диабетом Статья

সংরক্ষণ করুন:
গ্রন্থ-পঞ্জীর বিবরন
প্রধান লেখক: Джупарова И.А
বিন্যাস: Статья
অনলাইন ব্যবহার করুন:https://znanium.com/catalog/document?id=141063
https://znanium.com/cover/0500/500064.jpg
ট্যাগগুলো: ট্যাগ যুক্ত করুন
কোনো ট্যাগ নেই, প্রথমজন হিসাবে ট্যাগ করুন!
LEADER 01267nam0a2200241 i 4500
001 RU\infra-m\znanium\bibl\500064
003 https://znanium.com/catalog/document?id=141063
005 20200302000000.0
100 |a 20200302d2014 m y0rusy0150 ca 
101 0 |a rus 
102 |a RU 
200 1 |a Социально-экономическая стратификация больных сахарным диабетом  |e Статья 
210 1 |a Москва  |c ФГБУ "Эндокринологический научный центр" МинЗдрав РФ  |d 2010 
215 |a 1 с. 
333 |a Аспирантура 
606 |a Медицина. Фармакология  |x Эндокринология и болезни обмена веществ  |2 local 
608 |a Статья  |2 local 
700 1 |a Джупарова  |b И.А. 
701 1 |a Сазонова  |b О.В. 
701 1 |a Абрашкина  |b Е.А. 
801 0 |a RU  |b Общество с ограниченной ответственностью «ЗНАНИУМ»  |c 20141215  |2 rusmarc 
856 4 |a znanium.com  |m ebs_support@infra-m.ru  |n НИЦ ИНФРА-М  |u https://znanium.com/catalog/document?id=141063 
856 4 1 |a znanium.com  |d /cover/0500  |f 500064.jpg  |q image/jpeg  |u https://znanium.com/cover/0500/500064.jpg